State by Phonetic Spelling #1 - Statistics

General Stats
  • This quiz has been taken 897 times
  • The average score is 23 of 25
Answer Stats
Phonetic Spelling English Spelling % Correct
ə.ˈlæ.skə Alaska
98%
ɪndiˈænə Indiana
95%
mɒnˈtænə Montana
95%
vɚˈmɑnt Vermont
95%
kæl.ɪ.ˈfɔɹ.njə California
94%
nəˈvɑ.də Nevada
94%
meɪn Maine
93%
mɪsəˈsɪpi Mississippi
92%
nɔɹθ dəˈkoʊ.tə North Dakota
92%
tɛk.səz Texas
92%
kæn.zəs Kansas
91%
mɪnɨˈsoʊtə Minnesota
91%
mɪ.ʃə.ɡən Michigan
90%
nuːˈhæmpʃɚ New Hampshire
90%
waɪˈoʊmɪŋ Wyoming
90%
ærɪˈzoʊnə Arizona
89%
dɛləwɛɹ Delaware
89%
nuː ˈjɔɹk New York
89%
oʊˈhaɪoʊ Ohio
89%
saʊθ kɛɹəˈlaɪnə South Carolina
89%
tɛn.əˈsi Tennessee
89%
ju.tɑ Utah
89%
wɑʃɪŋtən Washington
86%
vɝˈdʒɪn.jə Virginia
82%
ɔɹɪɡən Oregon
81%
No matching quizzes found
Score Distribution
Percent of People with Each Score
Percentile by Number Answered
Your Score History
You have not taken this quiz